Zvyšovanie a znižovanie základného imania v akciovej spoločnosti diplomová práca

Gespeichert in:
Bibliographische Detailangaben
1. Verfasser: Šinská, Eva
Körperschaft: Obchodná fakulta EU. Katedra obchodného práva
Weitere Verfasser: Holub, Dušan
Format: Buch
Sprache:Slowakisch
Veröffentlicht: Bratislava 2010
Tags: Tag hinzufügen
Keine Tags, Fügen Sie das erste Tag hinzu!

MARC

LEADER 00000nam$a2200000$$$4500
001 0118467
005 20240318124023.3
041 0 |a slo 
044 |a SK 
245 1 0 |a Zvyšovanie a znižovanie základného imania v akciovej spoločnosti  |b diplomová práca  |c Eva Šinská ; škol. Dušan Holub 
264 1 |a Bratislava  |c 2010 
300 |a 63 s. 
100 1 |a Šinská, Eva 
700 1 |a Holub, Dušan 
710 2 |a Obchodná fakulta EU. Katedra obchodného práva